[Event "40. Turnaj sachovych nadeji - Pobeskydi Open"]
[Site "ND Frydek-Mistek, Czech Republic"]
[Date "2019.04.21"]
[Round "7"]
[White "Petran, Peter"]
[Black "Vojta, Jakub"]
[Result "1/2-1/2"]
[WhiteElo "2242"]
[BlackElo "2094"]
[PlyCount "0"]
[EventDate "2019.04.18"]

1. g3 d5 2. f4 Nf6 3. Bg2 b6 4. d3 Bb7 5. c3 e6 6. Nh3 c5 7. O-O Be7 8. Nf2 Nc6
9. e4 Qc7 10. a4 dxe4 11. dxe4 e5 12. Na3 Rd8 13. Qc2 O-O 14. Be3 Bc8 15. f5
Na5 16. b3 Bd7 17. Ra2 Bc6 18. Rb1 Qd7 19. g4 Kh8 20. h3 Ne8 21. Bf1 Nd6 22. g5
h6 23. h4 Nxe4 24. Nxe4 Qxf5 25. Bg2 Qg4 26. Qe2 Qxh4 27. Bf2 Qf4 28. Bg3 Qf5
29. gxh6 gxh6 30. Qe3 Kh7 31. Rf2 Qe6 32. Nd2 Bg5 33. Qe1 Bxd2 34. Rxd2 Rxd2
35. Qxd2 Rg8 36. Qd3+ e4 37. Qe3 Qg4 38. Kf2 h5 39. Rh1 Qf5+ 40. Kg1 Rg4 41. b4
Qg6 42. Rh3 Nb3 43. Nc4 f6 44. Kh2 Bd5 45. Nb2 Be6 46. Nd1 f5 47. Bh1 a5 48.
bxa5 Nxa5 49. Nf2 Nc4 50. Qe2 f4 51. Nxg4 Bxg4 52. Qxc4 Bxh3 53. Bxf4 Bf5 54.
Qe2 h4 55. Bg2 Qe8 56. Bf1 Qg6 57. Qf2 Qg4 58. Be3 Kg6 59. Qg2 Kf6 60. Qxg4
Bxg4 61. Bf4 Bd1 62. Bb5 Kf5 63. Bc7 e3 64. Kg1 h3 65. Bd7+ Ke4 66. Bxh3 Kd3
67. Kf1 Kd2 68. Bf4 Kxc3 1/2-1/2

[Event "40. Turnaj sachovych nadeji - Pobeskydi Open"]
[Site "ND Frydek-Mistek, Czech Republic"]
[Date "2019.04.21"]
[Round "7"]
[White "Vantuch, Lucian"]
[Black "Havelka, Ondrej"]
[Result "0-1"]
[WhiteElo "1964"]
[BlackElo "2156"]
[PlyCount "0"]
[EventDate "2019.04.18"]

1. e4 e6 2. d4 d5 3. Nd2 c5 4. c3 Nc6 5. Ngf3 cxd4 6. cxd4 dxe4 7. Nxe4 Nf6 8.
Nc3 Be7 9. Bd3 O-O 10. O-O Nb4 11. Bb1 b6 12. a3 Nbd5 13. Qd3 a5 14. Nxd5 Qxd5
15. Bg5 Ba6 16. Qc2 Rac8 17. Qd1 Bxf1 18. Qxf1 Qb3 19. Ne5 Rfd8 20. Qe2 Rxd4
21. Bxh7+ Nxh7 22. Bxe7 Qc2 23. Qf1 f6 24. g3 fxe5 25. Re1 Qf5 26. Qa6 Re8 27.
Bh4 Rf8 28. Rf1 Rxh4 29. gxh4 Qg4+ 30. Kh1 Qf3+ 31. Kg1 Rf6 32. Qc8+ Nf8 33.
Rc1 Qxf2+ 34. Kh1 Qf3+ 35. Kg1 0-1

[Event "40. Turnaj sachovych nadeji - Pobeskydi Open"]
[Site "ND Frydek-Mistek, Czech Republic"]
[Date "2019.04.21"]
[Round "7"]
[White "Novacek, Pavel"]
[Black "Laurincova, Kristyna"]
[Result "0-1"]
[WhiteElo "1934"]
[BlackElo "2014"]
[PlyCount "0"]
[EventDate "2019.04.18"]

1. e4 c5 2. Nf3 Nc6 3. c3 Nf6 4. e5 Nd5 5. d4 cxd4 6. cxd4 d6 7. exd6 Qxd6 8.
Be2 g6 9. O-O Bg7 10. Nc3 O-O 11. Nb5 Qd8 12. Nc3 Qd6 13. Qb3 Be6 14. Qxb7 Ndb4
15. Nb5 Qd8 16. Bf4 a6 17. Nc3 Ra7 18. Qxa7 Nxa7 19. a3 Nd5 20. Nxd5 Bxd5 21.
Rfc1 Nb5 22. Bxb5 axb5 23. Ne5 Bb7 24. Rd1 Qd5 25. f3 Rc8 26. Rd2 h5 27. h4 Kh7
28. Be3 Bf6 29. Rad1 Bxh4 30. Nd3 Bg5 31. Bxg5 Qxg5 32. Kf2 h4 33. Ne5 Qg3+ 34.
Kf1 f6 35. Ng4 Kg7 36. Nf2 b4 37. axb4 Ba6+ 38. Kg1 Rh8 39. Ne4 Qf4 40. Kf2 f5
41. Nc5 Qg3+ 42. Ke3 Bc8 43. Nd3 g5 44. Rf2 h3 45. gxh3 Rxh3 46. Kd2 Ba6 47.
Rdf1 Rh2 48. Rxh2 Qxh2+ 49. Rf2 Qg1 50. Re2 Qxd4 51. Rxe7+ Kf6 52. Re3 f4 53.
Re4 Qxd3+ 54. Kc1 Qxe4 55. fxe4 Ke5 56. Kd2 Kxe4 57. Ke1 Ke3 58. b5 Bxb5 59. b4
Be2 60. b5 f3 0-1

[Event "40. Turnaj sachovych nadeji - Pobeskydi Open"]
[Site "ND Frydek-Mistek, Czech Republic"]
[Date "2019.04.21"]
[Round "7"]
[White "Stalmach, Richard"]
[Black "Zeleny, Tomas"]
[Result "0-1"]
[WhiteElo "1991"]
[BlackElo "1942"]
[PlyCount "0"]
[EventDate "2019.04.18"]

1. d4 d5 2. Nf3 Nf6 3. c4 c6 4. Nc3 a6 5. cxd5 cxd5 6. Bg5 e6 7. e3 Be7 8. Bd3
b5 9. O-O Bb7 10. Ne5 Nbd7 11. Nxb5 axb5 12. Bxb5 O-O 13. a4 Nxe5 14. dxe5 Nd7
15. Bxe7 Qxe7 16. Bxd7 Qxd7 17. b4 Rfc8 18. Qb3 Qc7 19. Rfb1 Qb6 20. Rc1 h6 21.
h3 Qa6 22. b5 Qa5 23. Qa3 d4 24. Qe7 Bd5 25. exd4 Rc3 26. Kh2 Rac8 27. Rxc3
Qxc3 28. Ra3 Qxd4 29. Rg3 Qxf2 30. Qa3 Rc2 31. h4 Rc4 32. Kh3 Bxg2+ 0-1

[Event "40. Turnaj sachovych nadeji - Pobeskydi Open"]
[Site "ND Frydek-Mistek, Czech Republic"]
[Date "2019.04.21"]
[Round "7"]
[White "Bakalarz, Mietek"]
[Black "Mrazik, Tomas"]
[Result "1/2-1/2"]
[WhiteElo "2268"]
[BlackElo "1991"]
[PlyCount "0"]
[EventDate "2019.04.18"]

1. e4 c5 2. c3 g6 3. Nf3 Bg7 4. d4 cxd4 5. cxd4 d5 6. e5 Nc6 7. Nc3 Bg4 8. Bb5
e6 9. Bxc6+ bxc6 10. O-O Nh6 11. h3 Bxf3 12. Qxf3 O-O 13. g4 Qh4 14. Bf4 f5 15.
g5 Nf7 16. Qg3 Qxg3+ 17. fxg3 c5 18. dxc5 Nxe5 19. Rae1 Nd3 20. Rxe6 Bxc3 21.
bxc3 Nxc5 22. Re5 Rac8 23. Rxd5 Ne4 24. Rd7 Rf7 25. Rfd1 Rxd7 26. Rxd7 Rxc3 27.
Rxa7 Nxg3 28. Be5 Rc1+ 29. Kg2 Ne4 30. h4 Rc5 31. Bf4 Rc4 32. a4 Nc3 33. Be5
Nxa4 34. Rg7+ Kf8 35. Rxh7 Re4 36. Bf6 Rg4+ 37. Kh3 Nb6 38. Rh8+ Kf7 39. Rd8
Ke6 40. Re8+ Kf7 41. Re7+ Kf8 42. Rb7 Nd5 43. Bg7+ Kg8 44. Be5 Nf4+ 45. Bxf4
1/2-1/2

[Event "40. Turnaj sachovych nadeji - Pobeskydi Open"]
[Site "ND Frydek-Mistek, Czech Republic"]
[Date "2019.04.21"]
[Round "7"]
[White "Matras, Ondrej"]
[Black "Adamczewski, Jedrzej"]
[Result "0-1"]
[WhiteElo "2221"]
[BlackElo "1898"]
[PlyCount "0"]
[EventDate "2019.04.18"]

1. d4 Nf6 2. c4 e6 3. Nc3 Bb4 4. Qc2 c5 5. dxc5 Bxc5 6. Nf3 Be7 7. e3 O-O 8.
Bd3 d6 9. O-O Nbd7 10. Rd1 a6 11. b3 Qc7 12. Bb2 b6 13. Ne4 Bb7 14. Nxf6+ Nxf6
15. Rac1 h6 16. e4 Rac8 17. Qe2 Rfd8 18. Bb1 Qc6 19. Nd4 Qc5 20. Kh1 Qg5 21.
Rc3 Qg4 22. f3 Qh4 23. g3 Qh5 24. Re3 Qc5 25. Nc2 Qc6 26. Ne1 b5 27. cxb5 axb5
28. Rc3 Qb6 29. Rxc8 Rxc8 30. Bd4 Qa5 31. Nd3 b4 32. Rc1 Rxc1+ 33. Nxc1 Nd7 34.
Kg2 Nc5 35. Qb2 Bf8 36. Qd2 Ba6 37. a4 e5 38. Bf2 Bc8 39. Be1 Be6 40. Bc2 Na6
41. Bd3 Nc5 42. Bc2 Na6 43. Nd3 d5 44. exd5 Qxd5 45. Qe2 Bd6 46. Nf2 Nb8 47.
Ne4 Be7 48. Nd2 Nc6 49. Be4 Qd7 50. Bxc6 Bh3+ 51. Kg1 Qxc6 52. Qxe5 Bg5 53. Qe2
Qc3 54. f4 Bf6 55. Ne4 Bd4+ 56. Nf2 Qc6 0-1

[Event "40. Turnaj sachovych nadeji - Pobeskydi Open"]
[Site "ND Frydek-Mistek, Czech Republic"]
[Date "2019.04.21"]
[Round "7"]
[White "Karwacki, Piotr"]
[Black "Pilch, Roman"]
[Result "1/2-1/2"]
[WhiteElo "1771"]
[BlackElo "2148"]
[PlyCount "0"]
[EventDate "2019.04.18"]

1. e4 a6 2. d4 g6 3. c4 Bg7 4. Nc3 d6 5. Nf3 Nd7 6. Be2 c5 7. Be3 cxd4 8. Nxd4
Ngf6 9. g4 Nc5 10. f3 h6 11. h4 Bd7 12. h5 g5 1/2-1/2

[Event "40. Turnaj sachovych nadeji - Pobeskydi Open"]
[Site "ND Frydek-Mistek, Czech Republic"]
[Date "2019.04.21"]
[Round "7"]
[White "Adamczewski, Maciej"]
[Black "Mikesch, Dalibor"]
[Result "1-0"]
[WhiteElo "2086"]
[BlackElo "1673"]
[PlyCount "0"]
[EventDate "2019.04.18"]

1. d4 d5 2. c4 e6 3. Nc3 Nf6 4. Nf3 Nbd7 5. Bg5 Be7 6. e3 O-O 7. Qc2 h6 8. Bf4
Bd6 9. Bxd6 cxd6 10. cxd5 Nxd5 11. Nxd5 exd5 12. Bd3 Nf6 13. h3 Re8 14. O-O Bd7
15. Qb3 Bc6 16. Rfc1 Qd7 17. Qa3 a6 18. Rc2 Rac8 19. Rac1 Ne4 20. Qa5 Nf6 21.
b3 Ra8 22. a4 Reb8 23. Qb4 Ne8 24. Nd2 Nf6 25. Nf1 Ne4 26. Qe1 Re8 27. Qa5 Reb8
28. Bxe4 dxe4 29. d5 Qf5 30. Rd1 Bd7 31. Rc7 b5 32. Ng3 Qe5 33. Rxd7 Qb2 34.
Qd2 Qxb3 35. Qd4 Qxa4 36. Qxa4 bxa4 37. Rd4 a3 38. Ra4 Rb1+ 39. Kh2 Ra1 40.
Rxd6 a5 41. Rb6 a2 42. Rb2 Rd1 43. Rbxa2 Rxd5 44. Nxe4 1-0

[Event "40. Turnaj sachovych nadeji - Pobeskydi Open"]
[Site "ND Frydek-Mistek, Czech Republic"]
[Date "2019.04.21"]
[Round "7"]
[White "Kostecki, Samuel"]
[Black "Miculka, Petr"]
[Result "1-0"]
[WhiteElo "1598"]
[BlackElo "2041"]
[PlyCount "0"]
[EventDate "2019.04.18"]

1. e4 c5 2. Nf3 Nc6 3. d4 cxd4 4. Nxd4 Nf6 5. Nc3 e5 6. Ndb5 d6 7. a4 a6 8. Na3
Be6 9. Bc4 Rc8 10. Bg5 Be7 11. Bxf6 Bxf6 12. Nd5 Bg5 13. c3 O-O 14. O-O Kh8 15.
Qe2 f5 16. Nb6 Bxc4 17. Naxc4 Rb8 18. Rad1 Rf6 19. exf5 Rh6 20. Rd3 Qe7 21. f6
Qxf6 22. Rxd6 Qf4 23. Rxh6 Bxh6 24. Re1 Re8 25. g3 Qf8 26. Nd7 Qe7 27. Ndxe5
Kg8 28. Kf1 g6 29. Nxc6 Qxe2+ 30. Rxe2 Rxe2 31. Kxe2 bxc6 32. Ne5 c5 33. Nd7
Bf8 34. Nxf8 1-0

[Event "40. Turnaj sachovych nadeji - Pobeskydi Open"]
[Site "ND Frydek-Mistek, Czech Republic"]
[Date "2019.04.21"]
[Round "7"]
[White "Atmani, Amine"]
[Black "Svizensky, Lubos"]
[Result "0-1"]
[WhiteElo "1785"]
[BlackElo "1972"]
[PlyCount "0"]
[EventDate "2019.04.18"]

1. d4 Nf6 2. c4 g6 3. Nc3 Bg7 4. e4 d6 5. h3 O-O 6. Bg5 Nbd7 7. Bd3 c5 8. d5 a6
9. Nf3 Ne5 10. Nxe5 dxe5 11. Qd2 Qc7 12. O-O e6 13. Be2 exd5 14. cxd5 Ne8 15.
d6 Qc6 16. Be7 Kh8 17. Bxf8 Bxf8 18. Qg5 f6 19. Qh4 Be6 20. Nd5 Bxd5 21. exd5
Qxd6 22. Rad1 Rd8 23. f4 exf4 24. Rxf4 g5 25. Qh5 Qxf4 26. Bd3 Qc7 27. Re1 Nd6
28. Re6 Qf7 29. Qf3 Kg7 30. h4 Re8 31. hxg5 Rxe6 32. dxe6 Qxe6 33. Qg3 f5 34.
Qf2 Ne4 35. Qf4 Bd6 36. Qh4 Qg6 37. Qh3 Qxg5 38. Bxe4 fxe4 39. Qd7+ Qe7 40.
Qg4+ Kh8 41. Qc8+ Qf8 42. Qxb7 e3 43. Qf3 Qxf3 44. gxf3 0-1

[Event "40. Turnaj sachovych nadeji - Pobeskydi Open"]
[Site "ND Frydek-Mistek, Czech Republic"]
[Date "2019.04.21"]
[Round "7"]
[White "Michel, Ladislav"]
[Black "Horak, Jan"]
[Result "0-1"]
[WhiteElo "1766"]
[BlackElo "2158"]
[PlyCount "0"]
[EventDate "2019.04.18"]

1. d4 c5 2. c3 Nf6 3. Nf3 Qc7 4. Bg5 d6 5. dxc5 Qxc5 6. Nbd2 Nbd7 7. Nb3 Qc7 8.
e3 a6 9. Bd3 g6 10. Bc2 Bg7 11. h3 b6 12. Bf4 Bb7 13. O-O O-O 14. Qe2 h6 15.
Rfd1 Rfd8 16. Bh2 Rac8 17. Bd3 Ra8 18. Rac1 Qb8 19. Bb1 Nf8 20. Ne1 Qa7 21. Nd4
Rac8 22. Ndf3 Qa8 23. Bd3 Ne6 24. Qc2 Nc5 25. Bf1 Be4 26. Qd2 e5 27. Kh1 Ne6
28. Ng1 Bb7 29. f3 Nh5 30. Qc2 Bf6 31. Qb3 Bg5 32. Nc2 b5 33. a4 Nc5 34. Qb4
bxa4 35. Re1 Bh4 36. Re2 Nd3 0-1

[Event "40. Turnaj sachovych nadeji - Pobeskydi Open"]
[Site "ND Frydek-Mistek, Czech Republic"]
[Date "2019.04.21"]
[Round "7"]
[White "Shilov, Sergej"]
[Black "Volny, Patrik"]
[Result "1-0"]
[WhiteElo "2158"]
[BlackElo "1777"]
[PlyCount "0"]
[EventDate "2019.04.18"]

1. c4 b6 2. d4 Bb7 3. Nc3 g6 4. e4 d6 5. Be3 Nd7 6. Qd2 h6 7. f4 e6 8. Nf3 Ne7
9. Bd3 f5 10. d5 e5 11. fxe5 dxe5 12. exf5 gxf5 13. Bc2 Qc8 14. O-O-O Bg7 15.
d6 cxd6 16. Nb5 O-O 17. Nxd6 Qc7 18. Nxb7 Qxc4 19. Kb1 Nc5 20. Nxc5 bxc5 21.
Bb3 1-0

[Event "40. Turnaj sachovych nadeji - Pobeskydi Open"]
[Site "ND Frydek-Mistek, Czech Republic"]
[Date "2019.04.21"]
[Round "7"]
[White "Mach, Petr"]
[Black "Seddaoui, Yamine"]
[Result "0-1"]
[WhiteElo "1687"]
[BlackElo "2158"]
[PlyCount "0"]
[EventDate "2019.04.18"]

1. e4 d6 2. d4 Nf6 3. Nc3 Nbd7 4. f4 e5 5. Nf3 exd4 6. Qxd4 c6 7. Be3 d5 8.
exd5 Bc5 9. Qd2 Qe7 10. Ne5 Nxe5 11. Bxc5 Nd3+ 12. Kd1 Nxc5 13. d6 Bg4+ 14. Kc1
Qe6 15. h3 Bf5 16. g4 Be4 17. Rh2 O-O-O 18. Nxe4 Nfxe4 19. Qe3 Qxd6 20. b3 Rhe8
21. Re2 Nf6 22. Qf3 Rxe2 23. Bxe2 Qd4 24. Rb1 Nfe4 0-1

[Event "40. Turnaj sachovych nadeji - Pobeskydi Open"]
[Site "ND Frydek-Mistek, Czech Republic"]
[Date "2019.04.21"]
[Round "8"]
[White "Zeleny, Tomas"]
[Black "Walek, Petr"]
[Result "1/2-1/2"]
[WhiteElo "1942"]
[BlackElo "2241"]
[PlyCount "0"]
[EventDate "2019.04.18"]

1. e4 c5 2. Nf3 d6 3. d4 cxd4 4. Nxd4 Nf6 5. f3 g6 6. c4 Bg7 7. Nc3 Nc6 8. Be3
Nxd4 9. Bxd4 O-O 10. Be2 Be6 11. Rc1 Qa5 12. O-O Rfc8 13. b3 a6 14. a4 Nd7 15.
f4 Bxd4+ 16. Qxd4 f6 17. Rb1 Rc7 18. Kh1 Kg7 19. h3 Qb6 20. Qd2 Qb4 21. Qd4 Qb6
22. Qd2 Qb4 23. Qd4 Qb6 1/2-1/2

[Event "40. Turnaj sachovych nadeji - Pobeskydi Open"]
[Site "ND Frydek-Mistek, Czech Republic"]
[Date "2019.04.21"]
[Round "8"]
[White "Burdalev, Kirill"]
[Black "Laurincova, Kristyna"]
[Result "1-0"]
[WhiteElo "2389"]
[BlackElo "2014"]
[PlyCount "0"]
[EventDate "2019.04.18"]

1. Nf3 c5 2. c4 g6 3. e4 Bg7 4. d4 cxd4 5. Nxd4 Nc6 6. Be3 Nf6 7. Nc3 Ng4 8.
Qxg4 Nxd4 9. Qd1 Ne6 10. Rc1 O-O 11. Be2 d6 12. O-O Bd7 13. b4 b6 14. Qd2 Bc6
15. Nd5 Qd7 16. Bg4 b5 17. Bh6 bxc4 18. Bxg7 Kxg7 19. Rxc4 f5 20. exf5 gxf5 21.
Qc3+ Kg8 22. Rxc6 fxg4 23. Re1 Rf7 24. Rc4 Rg7 25. Rce4 Rg6 26. Qe3 Kf7 27. Nf4
Nxf4 28. Rxe7+ Qxe7 29. Qxe7+ Kg8 30. Qd7 d5 31. g3 Nh3+ 32. Kg2 Rg5 33. f4
gxf3+ 34. Kxh3 f2 35. Re8+ Rxe8 36. Qxe8+ Kg7 37. Qe7+ Kg6 38. Qe6+ Kg7 39. Kg2
1-0

[Event "40. Turnaj sachovych nadeji - Pobeskydi Open"]
[Site "ND Frydek-Mistek, Czech Republic"]
[Date "2019.04.21"]
[Round "8"]
[White "Vojta, Jakub"]
[Black "Havelka, Ondrej"]
[Result "0-1"]
[WhiteElo "2094"]
[BlackElo "2156"]
[PlyCount "0"]
[EventDate "2019.04.18"]

1. e4 e6 2. d4 d5 3. Nc3 Nf6 4. Bg5 Bb4 5. e5 h6 6. Bd2 Bxc3 7. bxc3 Ne4 8. Bd3
Nxd2 9. Qxd2 c5 10. f4 b6 11. Nf3 Ba6 12. O-O Bxd3 13. cxd3 Nc6 14. dxc5 bxc5
15. Rab1 O-O 16. Rb5 Rb8 17. Rxc5 Qb6 18. d4 Na5 19. f5 Nb7 20. Qe3 Nxc5 21.
dxc5 Qb2 22. f6 Qc2 23. Nd4 Qe4 24. Qxe4 dxe4 25. Nc6 Rb5 26. Ne7+ Kh7 27. c6
Rxe5 28. c7 Rc5 29. c8=Q Rfxc8 30. Nxc8 Rxc8 31. fxg7 Kxg7 32. Rc1 Kf6 33. Kf2
Ke5 34. Ke3 f5 35. g3 Rd8 36. c4 Rd3+ 37. Ke2 Ra3 38. Rc2 Kd6 39. Kf2 Kc5 40.
Ke2 e5 41. g4 f4 0-1

[Event "40. Turnaj sachovych nadeji - Pobeskydi Open"]
[Site "ND Frydek-Mistek, Czech Republic"]
[Date "2019.04.21"]
[Round "8"]
[White "Svizensky, Lubos"]
[Black "Petran, Peter"]
[Result "0-1"]
[WhiteElo "1972"]
[BlackElo "2242"]
[PlyCount "0"]
[EventDate "2019.04.18"]

1. d4 g6 2. c4 f5 3. Nf3 Bg7 4. g3 d6 5. d5 c5 6. Qc2 Nf6 7. Nc3 O-O 8. Bg2 Na6
9. a3 Bd7 10. O-O Rb8 11. b3 Nc7 12. Bb2 b5 13. Nd2 a6 14. Rfe1 e5 15. e4 Nh5
16. f3 Bh6 17. Nf1 Ne8 18. Bc1 Bxc1 19. Qxc1 Nhg7 20. Nd2 g5 21. h3 h5 22. Rf1
Nf6 23. exf5 Bxf5 24. Nde4 Nh7 25. a4 bxc4 26. bxc4 Rb4 27. Ne2 Bxe4 28. fxe4
Rxf1+ 29. Bxf1 Ne8 30. Nc3 Nef6 31. Bd3 Kg7 32. Kg2 Ng8 33. Rb1 Ne7 34. Be2 h4
35. gxh4 gxh4 36. Rxb4 cxb4 37. Nd1 Ng6 38. Bg4 Nf4+ 39. Kh2 Qb6 40. Qe3 Qc7
41. Nb2 a5 42. Qf2 Ng5 43. Qxh4 Qe7 44. Kh1 Qf6 45. Bf5 Kf8 46. Qf2 Nfxh3 47.
Qb6 Nf4 48. Qb8+ Kg7 49. Qc7+ Nf7 50. Be6 Qh4+ 51. Kg1 Qe1+ 52. Kh2 Qf2+ 53.
Kh1 Qg2# 0-1

[Event "40. Turnaj sachovych nadeji - Pobeskydi Open"]
[Site "ND Frydek-Mistek, Czech Republic"]
[Date "2019.04.21"]
[Round "8"]
[White "Broz, Petr"]
[Black "Adamczewski, Maciej"]
[Result "0-1"]
[WhiteElo "1805"]
[BlackElo "2086"]
[PlyCount "0"]
[EventDate "2019.04.18"]

1. e4 e6 2. Nf3 d5 3. e5 c5 4. b4 cxb4 5. a3 b3 6. cxb3 Nc6 7. d4 Bd7 8. Bd3
Qb6 9. Bb2 Nge7 10. O-O Ng6 11. g3 Rc8 12. Nc3 Na5 13. Bc2 Be7 14. Kg2 Rc7 15.
Ne1 O-O 16. h4 Rfc8 17. h5 Nf8 18. Qd3 Nc4 19. bxc4 Qxb2 20. Ra2 dxc4 21. Qxh7+
Nxh7 22. Rxb2 Bxa3 23. Ra2 Bb4 24. Ne4 a6 25. Rb2 Be7 26. Rb6 Bc6 27. Nf3 Rd7
28. Ra1 Bd8 29. Rb4 Bd5 30. Nd6 Be7 31. Nxc8 Bxb4 32. Nb6 Bxf3+ 33. Kxf3 Rxd4
34. Bxh7+ Kxh7 35. Rc1 c3 36. Ke2 Rd2+ 37. Kf3 Bc5 38. Na4 Bd4 39. Ke4 c2 0-1

[Event "40. Turnaj sachovych nadeji - Pobeskydi Open"]
[Site "ND Frydek-Mistek, Czech Republic"]
[Date "2019.04.21"]
[Round "8"]
[White "Mrazik, Tomas"]
[Black "Barak, David"]
[Result "0-1"]
[WhiteElo "1991"]
[BlackElo "1979"]
[PlyCount "0"]
[EventDate "2019.04.18"]

1. e4 Nc6 2. Nf3 d6 3. d4 Bg4 4. Bb5 a6 5. Ba4 b5 6. Bb3 Nf6 7. c3 Qd7 8. Qd3
e6 9. Nbd2 Be7 10. O-O Bh5 11. Re1 O-O 12. Qb1 e5 13. h3 Bg6 14. d5 Na5 15. Bc2
Nh5 16. Nf1 f5 17. exf5 Bxf5 18. Bxf5 Rxf5 19. Ne3 Rf7 20. Ng4 Raf8 21. Qe4 Nc4
22. b3 Nb6 23. c4 bxc4 24. bxc4 Qa4 25. c5 Qxe4 26. Rxe4 Nxd5 27. Ng5 Bxg5 28.
Bxg5 Nhf6 29. Nxf6+ Nxf6 30. Ra4 Ra8 31. cxd6 cxd6 32. Rd1 Ne8 33. f4 h6 34.
Bh4 exf4 35. Be1 Kf8 36. Rdd4 g5 37. h4 Rf5 38. Bb4 Ke7 39. Kf2 Kd7 40. Kf3 Re5
41. hxg5 hxg5 42. Ra5 Ke6 43. g3 fxg3 44. Rxe5+ dxe5 45. Rg4 Nf6 46. Rxg5 Rg8
47. Rxg8 Nxg8 48. Kxg3 Kd5 49. Ba5 Ke4 50. Kf2 Kd3 51. Ke1 e4 52. Kd1 Ne7 53.
Kc1 Nc6 54. Be1 Nd4 55. Kb2 e3 56. Bg3 e2 57. Ka3 Nc6 58. Ka4 Kc2 59. a3 Kd2
60. Kb3 e1=Q 61. Bxe1+ Kxe1 62. Kc4 Kd2 63. Kc5 Nb8 64. a4 Kc3 65. Kb6 Kb4 66.
a5 Ka4 0-1

[Event "40. Turnaj sachovych nadeji - Pobeskydi Open"]
[Site "ND Frydek-Mistek, Czech Republic"]
[Date "2019.04.21"]
[Round "8"]
[White "Adamczewski, Jedrzej"]
[Black "Kostecki, Samuel"]
[Result "1-0"]
[WhiteElo "1898"]
[BlackElo "1598"]
[PlyCount "0"]
[EventDate "2019.04.18"]

1. e4 c5 2. Nf3 d6 3. d4 cxd4 4. Nxd4 Nf6 5. Nc3 a6 6. Bg5 Nbd7 7. f4 Qc7 8.
Bd3 e6 9. Qe2 Be7 10. O-O-O b5 11. Rhe1 b4 12. Nd5 Nxd5 13. exd5 Bxg5 14. fxg5
e5 15. Nf5 O-O 16. Ne7+ Kh8 17. Bxh7 1-0

[Event "40. Turnaj sachovych nadeji - Pobeskydi Open"]
[Site "ND Frydek-Mistek, Czech Republic"]
[Date "2019.04.21"]
[Round "8"]
[White "Babula, Vlastimil"]
[Black "Bakalarz, Mietek"]
[Result "0-1"]
[WhiteElo "2074"]
[BlackElo "2268"]
[PlyCount "0"]
[EventDate "2019.04.18"]

1. e4 e5 2. f4 exf4 3. Nf3 d6 4. d4 g5 5. Nc3 h6 6. g3 fxg3 7. hxg3 Bg7 8. Be3
Bg4 9. Be2 c6 10. Qd2 Nd7 11. Rf1 Qa5 12. Bc4 Ngf6 13. e5 dxe5 14. O-O-O O-O-O
15. Bxf7 Rhf8 16. Bb3 exd4 17. Bxd4 Nc5 18. Qg2 Nxb3+ 19. axb3 Nh5 20. Rd2 Rxf3
21. Rxf3 Bxd4 22. Kb1 Bxf3 23. Qxf3 Bxc3 24. Rxd8+ Qxd8 25. Qf5+ Qd7 0-1

[Event "40. Turnaj sachovych nadeji - Pobeskydi Open"]
[Site "ND Frydek-Mistek, Czech Republic"]
[Date "2019.04.21"]
[Round "8"]
[White "Horak, Jan"]
[Black "Vantuch, Lucian"]
[Result "1-0"]
[WhiteElo "2158"]
[BlackElo "1964"]
[PlyCount "0"]
[EventDate "2019.04.18"]

1. e4 c5 2. Nc3 e6 3. g3 d5 4. d3 Nc6 5. Bg2 d4 6. Nce2 e5 7. f4 Be6 8. Nf3 f6
9. O-O Qd7 10. fxe5 Nxe5 11. Bf4 Nxf3+ 12. Bxf3 g5 13. Bh5+ Bf7 14. Bxf7+ Qxf7
15. Bxg5 O-O-O 16. e5 Be7 17. exf6 Nxf6 18. Qd2 Qg6 19. Bxf6 Bxf6 20. Qf4 Rhe8
21. Qxf6 Qxf6 22. Rxf6 Rxe2 23. Rf2 Rde8 24. Raf1 Kc7 25. Rf7+ R8e7 26. Rxe7+
Rxe7 27. Kg2 Kc6 28. g4 b5 29. b3 c4 30. dxc4 bxc4 31. Rf4 cxb3 32. axb3 Re2+
33. Rf2 Re7 34. Rd2 Kc5 35. Kf3 a5 36. h4 Kd5 37. Re2 Rf7+ 38. Kg3 Rc7 39. Kf4
d3 40. cxd3 Kd4 41. Re5 Ra7 42. Rb5 Kxd3 43. Kg5 Ke4 44. Kh6 Kf4 45. g5 Kg4 46.
h5 Ra6+ 47. Kxh7 a4 48. bxa4 Kxh5 49. g6+ Kh4 50. g7 Ra8 51. g8=Q Ra7+ 52. Kh8
Ra6 53. Qc4+ 1-0

[Event "40. Turnaj sachovych nadeji - Pobeskydi Open"]
[Site "ND Frydek-Mistek, Czech Republic"]
[Date "2019.04.21"]
[Round "8"]
[White "Stalmach, Richard"]
[Black "Shilov, Sergej"]
[Result "1-0"]
[WhiteElo "1991"]
[BlackElo "2158"]
[PlyCount "0"]
[EventDate "2019.04.18"]

1. d4 Nf6 2. c4 g6 3. f3 c5 4. d5 d6 5. e4 Bg7 6. Ne2 b5 7. cxb5 a6 8. Nec3 O-O
9. Be2 e6 10. dxe6 fxe6 11. O-O axb5 12. Nxb5 d5 13. exd5 exd5 14. Bf4 Ne8 15.
Qd2 Be6 16. N1c3 Nc6 17. Rfd1 d4 18. Ne4 c4 19. Rac1 d3 20. Bxd3 Rxf4 21. Qxf4
Qb6+ 22. Kh1 cxd3 23. Nbd6 Nd4 24. Nxe8 Rxe8 25. Rxd3 Qxb2 26. Rcd1 Bxa2 27.
Nf6+ Bxf6 28. Qxf6 Bb3 29. Rg1 Bf7 30. Qxd4 Qe2 31. Rd2 Qe7 32. Qa4 Qe3 33. Rd7
Qf2 34. Qd4 Qa2 35. h3 Qe6 36. Qd6 1-0

[Event "40. Turnaj sachovych nadeji - Pobeskydi Open"]
[Site "ND Frydek-Mistek, Czech Republic"]
[Date "2019.04.21"]
[Round "8"]
[White "Seddaoui, Yamine"]
[Black "Karwacki, Piotr"]
[Result "1/2-1/2"]
[WhiteElo "2158"]
[BlackElo "1771"]
[PlyCount "0"]
[EventDate "2019.04.18"]

1. e4 c5 2. Nf3 d6 3. d4 cxd4 4. Nxd4 Nf6 5. Nc3 a6 6. Bg5 e6 7. f4 h6 8. Bh4
Be7 9. Qf3 Qc7 10. O-O-O Nbd7 11. Bf2 b5 12. a3 g5 13. f5 Ne5 14. Qe2 Rb8 15.
Bg3 b4 16. axb4 Rxb4 17. fxe6 fxe6 18. Bxe5 dxe5 19. Nb3 Bb7 20. Kb1 a5 21. Na2
Rxe4 22. Qb5+ Kf7 1/2-1/2

[Event "40. Turnaj sachovych nadeji - Pobeskydi Open"]
[Site "ND Frydek-Mistek, Czech Republic"]
[Date "2019.04.21"]
[Round "8"]
[White "Novacek, Pavel"]
[Black "Mica, Marek"]
[Result "0-1"]
[WhiteElo "1934"]
[BlackElo "2139"]
[PlyCount "0"]
[EventDate "2019.04.18"]

1. e4 c6 2. c4 d5 3. exd5 cxd5 4. Nc3 Nf6 5. cxd5 Nxd5 6. Bc4 Nb6 7. Bb5+ Bd7
8. d4 Bxb5 9. Nxb5 Nc6 10. Nf3 a6 11. Nc3 e6 12. O-O Be7 13. Be3 Nd5 14. Qb3
Nxc3 15. bxc3 Na5 16. Qc2 Rc8 17. Qd3 O-O 18. Rfb1 Qd5 19. Nd2 Nc4 20. Nf3 h6
21. Ne1 Rc7 22. Bf4 Bd6 23. Bxd6 Nxd6 24. Rb4 Rfc8 25. Rb3 Nb5 26. Nf3 Nxc3 27.
h3 b5 28. Rb4 Qd6 29. Rb3 Nd5 30. g3 Rc3 31. Rxc3 Rxc3 32. Qe4 b4 33. Kg2 a5
34. Ne5 Rc8 35. Qf3 Nf6 36. Qf4 Qd5+ 37. Kh2 Rc2 38. g4 Qe4 39. Qxe4 Nxe4 40.
Rf1 Nxf2 41. Kg3 Rxa2 42. h4 a4 43. Rc1 Ne4+ 44. Kf4 Nc3 45. Ke3 f6 46. Nc6
Nd5+ 47. Kd3 b3 48. Rb1 b2 49. Na5 Kf7 50. Kc2 Ne3+ 51. Kc3 Ra1 52. Kxb2 Rxb1+
53. Kxb1 Nxg4 54. Kb2 Nh2 55. Nc6 Nf3 56. h5 Nd2 57. Ka3 Ne4 58. Kxa4 Ng3 59.
Kb4 Nxh5 60. Kc4 Nf4 61. Kc3 g5 62. Kd2 h5 63. Ke3 Nd5+ 64. Kf3 Kg6 65. Nd8 Kf5
66. Kg3 h4+ 67. Kh3 Nf4+ 68. Kh2 g4 69. Kg1 Ne2+ 70. Kf2 Nxd4 71. Nf7 e5 72.
Nd6+ Kf4 73. Nc4 h3 74. Nd2 g3+ 75. Kf1 e4 76. Kg1 e3 77. Nf1 Nf3+ 0-1

[Event "40. Turnaj sachovych nadeji - Pobeskydi Open"]
[Site "ND Frydek-Mistek, Czech Republic"]
[Date "2019.04.21"]
[Round "8"]
[White "Kratochvil, Vit"]
[Black "Kostecka, Marika"]
[Result "0-1"]
[WhiteElo "2228"]
[BlackElo "1782"]
[PlyCount "0"]
[EventDate "2019.04.18"]

1. e4 c5 2. Nf3 d6 3. d4 cxd4 4. Nxd4 Nf6 5. Nc3 a6 6. Qf3 g6 7. h3 Bg7 8. Be3
Bd7 9. O-O-O Nc6 10. g4 b5 11. Qg2 b4 12. Nd5 Nxd5 13. exd5 Nxd4 14. Bxd4 O-O
15. Bxg7 Kxg7 16. Qe4 a5 17. h4 Qb6 18. Bd3 a4 19. Rd2 b3 20. cxb3 axb3 21. a3
Rfe8 22. f3 Ra4 23. Qe2 Qc5+ 24. Kb1 Rea8 25. Rdd1 Rd4 26. Be4 Bb5 27. Qh2 Rc8
28. h5 Rxd1+ 29. Rxd1 Qe3 30. hxg6 hxg6 31. Qh1 Qe2 32. Qg1 Rc2 33. Qd4+ f6 34.
g5 Rxb2+ 35. Kc1 Ra2 36. gxf6+ exf6 37. Rg1 b2+ 38. Kb1 Ra1# 0-1